| 000 | 00589cam a2200217ua 4500 | ||
|---|---|---|---|
| 001 | 9638 | ||
| 008 | 160311n ii |||gr||||Z||||||asm | ||
| 020 | _a9789382750093 | ||
| 040 | _cMAIN | ||
| 041 | _aasm | ||
| 082 | _a954 | ||
| 100 |
_aBaruah, Prafulla Kumar, _eAuthfor. |
||
| 245 | 1 |
_aBharatbarsar itihash (prachin kalor pora 1526 khristabdo) _cby Prafulla Kumar Baruah |
|
| 250 | _a1st ed. | ||
| 260 |
_aDibrugarh: _bBanalata, _c2013. |
||
| 300 | _a316p. | ||
| 653 | _aSouth Asia India | ||
| 653 | _aIndian history | ||
| 700 |
_aHussain, Tasadduque Amanul, _eAuthor. |
||
| 942 | _cBK | ||
| 999 |
_c8666 _d8666 |
||